000 00334nam a22001457a 4500
020 _qPB.
040 _cFIZZA ISHAQ
082 _a658.3
_bGAR
100 _aDESSLER,GARY.
_990164
245 _aHUMAN RESOURCE MANAGEMENT /
_cGARY DESSLER.
250 _a10th ED.
260 _aLONDON ;
_c2020.
300 _a719 P. ;
942 _2ddc
_cBK
999 _c588522
_d588522